Top langues les plus parlées BELGIQUE - Statistiques

Statistiques générales
  • Ce quiz a été pris 154 fois
  • Le résultat moyen est 8 sur 10
Statistiques - réponses
Hint Réponse % Correct
2 Français
100%
3 Anglais
97%
1 Néerlandais
96%
4 Allemand
95%
5 Espagnol
95%
7 Italien
87%
6 Arabe
82%
8 Portugais
78%
9 Turc
43%
10 Roumain
23%
Aucun quiz correspondant
Distribution des résultats
% des personnes avec chaque résultat
Percentile par nombre de réponses
Votre historique - résultats
Vous n’avez pas pris ce quiz